الاقتصاد المصري بين التبعية والاستقلال / (Record no. 12637)

MARC details
000 -الفاتح
حقل البيانات ثابتة الطول 00743cam a22002175a 4500
003 - محدد رقم الضبط
رقم الضبط OSt
005 - وقت وتاريخ اخر تعامل مع التسجيلة
رقم الضبط 20170927113937.0
008 - عناصر البيانات ثابتة الطول - معلومات عامة
حقل البيانات ثابتة الطول 090818s2007 ua frb 000 0 ara d
020 ## - الرقم الدولى المعيارى للكتب
الرقم الدولى المعيارى للكتاب 9770919446
040 ## - مصدر الفهرسة
وكالة الفهرسة الأصلية EG-ScBUE
لغة الفهرسة ara
وكالة النسخ EG-ScBUE
وكالة التعديل EG-ScBUE
082 04 - رقم تصنيف ديوى العشرى
رقم التصنيف 330.962
رقم المادة ش ر ب
رقم الطبعة 22
100 1# - المدخل الرئيسى - إسم شخصى
الإسم الشخصى شربيني، أحمد.
245 12 - بيان العنوان
العنوان الاقتصاد المصري بين التبعية والاستقلال /
بيان المسئوليه,etc أحمد الشربيني.
260 ## - PUBLICATION, DISTRIBUTION, ETC. (IMPRINT)
مكان الناشر او الموزع القاهرة :
اسم الناشر او الموزع دار الشروق،
تاريخ النشر أو التوزيع 2007.
300 ## - الوصف المادى
التعداد 166 ص. ؛
أبعاد الوعاء 24 سم.
504 ## - تبصرة ببليوجرافية
تبصرة ببليوجرافية,الخ ببليوجرافية : ص. 163-166.
650 #7 - المدخل الاضافى بالموضوع-مصطلح موضوعى
مصطلح موضوعي أو اسم جغرافي كعنصر مدخل مصر
التقسيم الفرعي العام الاحوال الاقتصادية.
مصدر الرأس أو المصطلح BUEsh
9 (RLIN) 8518
651 ## - المدخل الاضافى بالموضوع - اسم جغرافى
مصدر الرأس أو المصطلح BUEsh
653 ## - مصطلح تكشيفى غير مقيد
Resource For college Generalities
-- BAEPS, Economics
Arrived date list August2015
942 ## - عناصر المدخل الإضافي( كوها)
مصدر التصنيف او مخطط الترفيف Dewey Decimal Classification
Koha [default] item type Book - Borrowing
Holdings
حالة التراجع حالة الفقد مصدر التصنيف او خطة الترفيف تحديد مواد ( مجلدات مجمعه أو جزء أخر) حالة تلف ليس للاعارة المكان الدائم المكان الحالي موقع الترفيف تاريخ الاكتساب Source of acquisition سعر الشراء الطبيعي تعداد مسلسل / التسلسل الزمني رقم الاستدعاء الباركود Date last seen مُعار نوع الوعاء
    Dewey Decimal Classification Lost_In_Inventory_11-6-2024     Central Library Central Library First floor 18/08/2009 Purchase 20.00 1 330.962 ش ر ب 000017953 15/07/2025 07/07/2019 Book - Borrowing
    Dewey Decimal Classification       Central Library Central Library First floor 28/03/2012   30.00 28 330.962 ش ر ب 000026552 15/07/2025   Book - Borrowing